| 000 | 00896nac a22002291u 4500 | ||
|---|---|---|---|
| 010 | _a 80083305 | ||
| 020 | _a0878915222 (pbk.) | ||
| 082 | 0 | 0 | _a620.1 |
| 090 |
_c7103 _d7103 |
||
| 100 | _a20080729 | ||
| 245 | 0 | 0 |
_aProblem solver in strength of materials and mechanics of solids / _cstaff of Research and Education Association. |
| 260 |
_aNew York, N.Y. : _bREA,1980 _cc1980. |
||
| 300 |
_axi, 885 p. : _bill. ; _c25 cm. |
||
| 500 | _aPage 885 advertisement. | ||
| 500 | _aIncludes index. | ||
| 511 | _acatalogued by: wessam | ||
| 650 | 0 |
_aStrength of materials _vProblems, exercises, etc. |
|
| 650 | 0 |
_aMechanics, Applied _xProblems, exercises, etc. |
|
| 710 | 2 | _aResearch and Education Association. | |
| 942 |
_cBB _k620.1 |
||
| 999 |
_c7103 _d7103 |
||